000
00381nam a2200133Ia 4500
008
100328s9999 xx 000 0 und d
082
_b
70967
100
_a
ठाकूर दिलीप.
245
_a
वलय आणि वळणे
260
_b
सायली
630
_a
वलय आणि वळणे
730
_a
वलय आणि वळणे
942
_c
BOOK
999
_c
556692
_d
556689